000 00565nam a2200205 a 4500
001 18913
003 CO-ViMGA
008 141112s2004 ck r 000 u spa d
020 _a8434862182
040 _aCO-ViMGA
_bspa
_cCO-ViMGA
082 0 4 _a853.914 G468l
100 1 _aGiovannoli, Renato
_93129
245 1 0 _aLos Ladrones del santo grial
260 _aMadrid :
_bS.M. 1998
300 _a156 p.
490 0 _aEl Barco de vapor
590 _aForma de adquisición : Proyecto 2005 - - Precio :
_18.900 Ej. 1
650 1 4 _aNOVELA ITALIANA
_92688
942 _2ddc
_cBK
999 _c9733
_d9733